Statystyki dla Wikingowie - serial [QUIZ] #1 - ŁATWY

Kliknij tutaj aby rozwiązać quiz!

Ogólne statystyki

  • Ten quiz został rozwiązany 584 razy
  • Średni wynik to 10 z 15

Statystyki odpowiedzi

PytanieOdpowiedź% Poprawnych
Niepełnosprawny syn RagnaraIvar
94%
Szkutnik, przyjaciel RagnaraFloki
93%
Najstarszy syn RagnaraBjorn
91%
Brat RagnaraRollo
87%
Z jakiego kraju pochodzą bohaterowie?Norwegia
82%
Przydomek Bjorna? ( po polsku )Żelaznoboki
82%
Przydomek Ivara ( po polsku )Bez kości
81%
Druga żona RagnaraAslaug
76%
Chrześcijański przyjaciel RagnaraAthelstan
67%
Kto zabił Aslaug?Lagertha
56%
Król zabity poprzez "Krwawego orła"Ella
50%
Druga żona UbbeTorvi
34%
Zmarła córka RagnaraGyda
27%
Jarl zabity przez RagnaraHaraldson
27%
Syn króla EcbertaAethelwulf
20%

Rozkład punktacji

Percentyl według liczby udzielonych odpowiedzi

Procent ludzi z każdym wynikiem

Twoja historia wyników

Nie rozwiązałeś tego quizu